| 000 | nam a22 a 4500 | ||
|---|---|---|---|
| 999 |
_c369350 _d369350 |
||
| 003 | BLK | ||
| 005 | 20200618114056.0 | ||
| 008 | 200618b bu ||||| |||| 00| 0 bu d | ||
| 020 | _a954-11-0156-9 | ||
| 040 | _aBLK | ||
| 041 |
_aBUL _cBUL |
||
| 080 |
_aАмериканска литература (на САЩ) _b821.111(73) _z821.111(73) |
||
| 100 |
_9253822 _aКембъл, Бетани _eпърви автор |
||
| 139 |
_aКембъл, Бетани _bК 11 |
||
| 245 |
_aДиамантената клопка _cБетани Кембъл |
||
| 260 |
_aСофия _c1994 _9215854 _bHarlequin |
||
| 300 | _a160 с. | ||
| 380 | _aX | ||
| 852 | _aЦб І 26998 | ||
| 942 |
_cKNG _n0 _s1 |
||
| 944 |
_aCR _c2020-06-18 _kМоника Янева _l2020-06-18 |
||
| 999 | _d369348 | ||
| 999 | _d369345 | ||
| 999 | _d369344 | ||